000 01188cas a22003377a 4500
005 20220329142109.0
008 990621d mx n pernn 0 uub1spa d
010 _a78379
011 _a79351
035 _a89570
245 0 0 _aBoletín Hidrológico. Dirección de Hidrología
_c/por Secretaría de Recursos Hidráulicos. Dirección de Hidrología
260 0 _aMéxico, D.F. :
_bSecretaría de Recursos Hidráulicos. Dirección de Hidrología,
_c1940?-.
300 _av.
310 _aIndeterminada
362 1 _an.55, 1976
500 _aSe dejó de recibir a partir del n.55 de 1976.
590 _aBATCH-UPD
_b10
_c20130110
_lUCH01
_h0432
590 _aBATCH-UPD
_b10
_c20130410
_lUCH01
_h0108
590 _aBATCH-UPD
_b10
_c20130914
_lUCH01
_h1615
590 _aCONVERSION
_b10
_c20130109
_lUCH01
_h1343
650 1 4 _aHidrología
_xPublicaciones periódicas.
_955269
866 _an.14-19 (1959-1962)
866 _an.21-24 (1964)
866 _an.26-27 (1966)
866 _an.29-32 (1968)
866 _an.34-50 (1970-1974)
866 _an.52-54 (1975)
866 _an.7-12 (1947-1959)
901 _aSE
905 _aMarco A. Mendoza T.
999 _c78379
_d78379